000 00650nam a22002057a 4500
005 20251108173640.0
008 250721s2004 xx 000 0 ara d
020 _a9960422550
082 1 4 _aط/218.2/مبا
100 1 _aالمبارك، محمد عباس
245 1 0 _aقصص الأسخياء و الأتقياء /
264 1 _aالرياض :
_bدار طويق للنشر و التوزيع،
_c2004.
300 _a63ص.
490 0 _aسادات الدنيا و الآخرة
650 1 7 _aالإسلام
650 1 7 _aالأخلاق الإسلامية
653 _aناشئون صغار (10-14(
942 _2ddc
_cBK
999 _c108999
_d108999